Investigation of the effect of composition, initial microstructure and thermal history on the phase separation and thermal embrittlement in high chromium content steels

Salvato in:
Dettagli Bibliografici
Autore principale: Szegfű, Andrej (Autore)
Altri autori: Száraz, Zoltán (Relatore della tesi)
Natura: Manoscritto Libro
Lingua:slovacco
inglese
Pubblicazione: 2024
Soggetti:
Accesso online:http://is.stuba.sk/zp/portal_zp.pl?podrobnosti=173035
Tags: Aggiungi Tag
Nessun Tag, puoi essere il primo ad aggiungerne!!

MARC

LEADER 00000ntm a22000003a 4500
001 stuzp96524
003 SK-STU
005 20240629211052.0
007 ta
008 150427s2015----xo-----f-mn---000-0-slo-d
040 |a STU  |b slo 
041 0 |a eng 
100 1 |a Szegfű, Andrej  |u 061000  |4 aut  |U MTF Materiálovotechnologická fakulta  |T MTF Ústav materiálov  |X 117658  |U M1000  |Y 81  |7 117658 
242 0 1 |a Vplyv zloženia, východiskovej mikroštruktúry a tepelnej histórie na fázovú separáciu a tepelné krehnutie v oceliach s vysokým obsahom chrómu  |y slo 
245 1 0 |a Investigation of the effect of composition, initial microstructure and thermal history on the phase separation and thermal embrittlement in high chromium content steels 
260 |c 2024 
650 4 |a merania mikrotvrdosti  |2 slo 
650 4 |a EDX analýza  |2 slo 
650 4 |a zliatiny Fe-Cr  |2 slo 
650 4 |a fázová separácia  |2 slo 
650 4 |a metalografia  |2 slo 
650 4 |a microhardness measurements  |2 eng 
650 4 |a phase separation  |2 eng 
650 4 |a metallography  |2 eng 
650 4 |a Fe-Cr alloys  |2 eng 
650 4 |a EDX analysis  |2 eng 
700 1 |a Száraz, Zoltán  |u 067000  |k Z2  |4 ths  |U MTF Materiálovotechnologická fakulta  |T MTF Ústav výskumu progresívnych technológií  |X 102099  |U MN7000  |Y 87  |7 102099 
856 4 |u http://is.stuba.sk/zp/portal_zp.pl?podrobnosti=173035 
996 |c M* BP-9850  |l MMSKP  |s P  |a 0  |w stuzp96524_0001